| 000 | 00789nam a2200253Ia 4500 | ||
|---|---|---|---|
| 003 | OSt | ||
| 005 | 20221005022646.0 | ||
| 006 | a|||||r|||| 00| 0 | ||
| 007 | ta | ||
| 008 | 221004b |||||||| |||| 00| 0 eng d | ||
| 020 |
_a9781843347736 (pbk) _c5286.48 |
||
| 024 | _a26068 | ||
| 037 |
_b123, 22/03/2016, Mallika Books _cTextual |
||
| 040 |
_aCRL _cCRL _beng |
||
| 041 |
_2eng _aeng |
||
| 082 | _a2:(X:51), Q5 | ||
| 100 |
_aLucas - Alfieir Debra _9578375 |
||
| 245 | 0 |
_aMarketing the 21st century library _b The time is now |
|
| 260 |
_aAmsterdam _bElsevier The Netherlands _c2015 |
||
| 300 |
_axi, 105p. _ccm. |
||
| 650 | _aLIBRARY SCIENCE | ||
| 942 |
_h2:(X:51), Q5 _cTEXL _2cc |
||
| 999 |
_c929788 _d929788 |
||